000 01203nam a22002777a 4500
003 PE SENCICO BE
005 20251020182650.0
008 240129b |||||||| |||| 00| 0 eng d
040 _aPE SENCICO BE
_cPE SENCICO BE
041 _aspa
084 _aI
_aDIS
_a2018
_bC21
100 1 _91913
_aChapoñan Domínguez, Laura Edith
_eautor
245 1 _aDiseño de interiores y su influencia del visual merchandising en un establecimiento de lencería /
_cLaura Edith Chapoñan Domínguez
260 _aLima :
_c2018
300 _avii, 77 h. :
_bil. col., tabls.;
_c30 cm.
500 _aTexto en dos volúmenes. El volumen 2 contiene planos (30 x 40 cm.).
502 _aMonografía de Titulación.-- Servicio Nacional de Capacitación para la Industria de la Construcción. Escuela Superior Técnica. Carrera Profesional Técnica en Diseño de Interiores, 2018
650 1 0 _944
_aDiseño de interiores
650 2 0 _91149
_aMercadotecnia
650 2 0 _9880
_aCentros comerciales
650 2 0 _966
_aRestaurantes
650 2 0 _9615
_aPlanos
710 1 _aServicio Nacional de Capacitación para la Industria de la Construcción.
_bEscuela Superior Técnica
_91065
910 _bhfp
_chfp
942 _cMON
999 _c4531
_d4531